000 01335nam a2200385 i 4500
001 11655
003 KOSZ 005
005 20191109105842.0
008 080211s1967 pl a f 001 0 pol
015 _aPB 1967/7381
040 _aWA N
_cWA N
_dKOSZ 005/RW
_dKOSZ 005/HR
046 _k1967
080 _a621.97
080 _a(07)
100 1 _aGolatowski, Tadeusz
_d(?-1999).
_eAutor
245 1 0 _aAutomatyzacja tłoczenia z półwyrobów /
_cTadeusz Golatowski.
260 _aWarszawa :
_bWydawnictwa Naukowo-Techniczne,
_c1967.
300 _a353,[1] strony, [2] karty tablic :
_bilustracje ;
_c25 cm.
336 _aTekst
_btxt
_2rdacontent
337 _aBez urządzenia pośredniczącego
_bn
_2rdamedia
338 _aWolumin
_bnc
_2rdacarrier
380 _aKsiążki.
380 _aPublikacje dydaktyczne
388 _a1901-2000
504 _aBibliografia na stronach 349-[351]. Indeks.
521 _aDla inżynierów, techników i studentów.
658 _aInżynieria i technika
650 4 _aAutomatyzacja
650 4 _aUrządzenia
655 4 _aPodręcznik
650 4 _aTłocznictwo
710 2 _aWydawnictwa Naukowo-Techniczne
_4pbl.
856 _uhttp://koha.tu.koszalin.pl/cgi-bin/koha/opac-detail.pl?biblionumber=11655
_yKatalog online BPK
942 _2UKD
_cKS
999 _c11655
_d11655